000 00311nam a22001337a 4500
020 _a817826464-1
082 _a823
_bBUR/S
100 _aFRANCES HODGSON BURNETT
245 _aTHE SECRET GARDEN
260 _aDELHI
_bROHAN BOOK COMPANY
_c2003
300 _a223
650 _aMODERN ILLUSTRATED CLASSICS
942 _cBK
999 _c337
_d337